000 00507nam a2200157Ia 4500
008 240729s9999 xx 000 0 und d
022 _a2218-3159
245 0 _aInternational Journal of Transactional Analysis Research
260 _aUnited Kingdom
260 _bInternational Centre For Transactional Analysis Qualifications
650 _a Psychology
650 _aPhilosophy. Psychology. Religion
856 _uhttps://doaj.org/toc/d84256764d0842d29cbc0aa60a49c501
942 _2ddc
942 _cDOAJEJ
999 _c73152
_d73152
945 _a1
_bMadushi Gamage
_c1
_dMadushi Gamage